000 00474nam a22001697a 4500
005 20260313140256.0
008 260313b |||||||| |||| 00| 0 eng d
037 _cTextbook
040 _aFMUL
_cFMUL
084 _aNR44,1 Q3;25
_qFMUL
100 _aSharma, swatanter
_91131965
245 _aBhartiye sangeet: vegyanic vishleshan
260 _aAllahabad
_bAnubhav pub. house
_c2013
300 _a392 p.
650 _aFMUL
942 _2CC
_cTB
_hNR44,1 Q3;25
_n0
999 _c1715362
_d1715362